Pienimmät valtiot väkiluvun tai pinta-alan mukaan - Statistics

Yleistilastot
  • Tätä visaa on pelattu 936 kertaa
  • Keskiarvotulos 16 / 24
Vastaustilastot
Valtio % Oikein
Vatikaanivaltio
99%
San Marino
92%
Liechtenstein
89%
Monaco
89%
Andorra
88%
Nauru
76%
Tuvalu
75%
Malta
68%
Saint Lucia
66%
Marshallinsaaret
64%
Samoa
64%
Tonga
64%
Saint Kitts ja Nevis
63%
Saint Vincent ja Grenadiinit
63%
Kiribati
62%
Palau
62%
Mikronesia
60%
Antigua ja Barbuda
59%
Grenada
58%
Singapore
58%
Barbados
57%
Seychellit
56%
Dominica
47%
Malediivit
47%
Ehtoja vastaavia visoja ei löytynyt
Tulosjakauma
Jokaisen tuloksen saaneiden osuus
Persentiili vastausten määrän mukaan
Tuloshistoriasi
Et ole pelannut tätä visaa